[Event "Sao Paulo Schutt Cup 10th"]
[Site "Sao Paulo"]
[Date "2016.10.29"]
[Round "3"]
[White "Damaceno, Mateus Lima"]
[Black "Gabriel, Claudiomar"]
[Result "1-0"]
[WhiteElo "1994"]
[BlackElo "1528"]
[PlyCount "111"]
[EventDate "2016.10.28"]
[EventType "swiss"]
[EventRounds "6"]
[EventCountry "BRA"]
[SourceTitle "CBM 175 Extra"]
[Source "ChessBase"]
[SourceDate "2016.12.12"]
[SourceVersion "1"]
[SourceVersionDate "2016.12.12"]
[SourceQuality "1"]

1. Nf3 g6 2. g3 Bg7 3. Bg2 d6 4. 0-0 Nf6 5. d3 e5 6. e4 0-0 7. Nbd2 Nc6 8. c3 Bg4 9. h3 Bd7 10. Re1 Re8 11. b4 Qc8 12. Kh2 a6 13. Qc2 Nh5 14. Bb2 f5 15. Rad1 f4 16. d4 Bf6 17. d5 Ne7 18. g4 Ng7 19. g5 Bxg5 20. Nxg5 h6 21. Ngf3 Kh7 22. c4 Rg8 23. c5 Ne8 24. cxd6 cxd6 25. Qxc8 Rxc8 26. Rc1 Nf6 27. Nc4 Ne8 28. Nb6 Rxc1 29. Rxc1 Bb5 30. Bf1 Bxf1 31. Rxf1 Nf6 32. Nd2 g5 33. f3 h5 34. Rc1 g4 35. Rc7 g3+ 36. Kg2 Rg7 37. Nc8 Nxc8 38. Rxc8 b5 39. Nb3 Nd7 40. Rc7 Nb6 41. Rxg7+ Kxg7 42. Nc5 Nc4 43. Ne6+ Kf7 44. Bc1 a5 45. bxa5 Nxa5 46. Nc7 b4 47. Nb5 Nc4 48. Na7 h4 49. Nc6 Ke8 50. Nxb4 Kd8 51. Nc6+ Kc7 52. Ne7 Ne3+ 53. Bxe3 fxe3 54. Kf1 Kb6 55. Nf5 Kc5 56. Nxe3 1-0

[Event "Sao Paulo Schutt Cup 10th"]
[Site "Sao Paulo"]
[Date "2016.10.29"]
[Round "4"]
[White "Gabriel, Claudiomar"]
[Black "Dattoli, Micael Cimet"]
[Result "1-0"]
[WhiteElo "1528"]
[BlackElo "1375"]
[PlyCount "45"]
[EventDate "2016.10.28"]
[EventType "swiss"]
[EventRounds "6"]
[EventCountry "BRA"]
[SourceTitle "CBM 175 Extra"]
[Source "ChessBase"]
[SourceDate "2016.12.12"]
[SourceVersion "1"]
[SourceVersionDate "2016.12.12"]
[SourceQuality "1"]

1. d4 Nf6 2. Nf3 g6 3. Bf4 d6 4. Nbd2 Bg7 5. e3 Nbd7 6. Bd3 Nh5 7. Bg5 c5 8. c3 0-0 9. g4 Nhf6 10. h3 Re8 11. Qc2 e5 12. dxe5 Nxe5 13. Nxe5 dxe5 14. 0-0-0 Qa5 15. Kb1 Be6 16. Bc4 b5 17. Bxe6 Rxe6 18. Ne4 Nxe4 19. Qxe4 Rb8 20. Rd7 Ra6 21. Qd5 Rf8 22. Be7 c4 23. a3 1-0